000
00260pab a2200109 454500
008
180718b xxu||||| |||| 00| 0 eng d
100
_a
Jha, Prem Shankar
245
_a
Economic reforms in India
650
_a
Economic Development
773
_a
Hindu
909
_a
21694
999
_c
21694
_d
21694